Rhine Countries - Statistics

General Stats
  • This quiz has been taken 18 times
  • The average score is 6 of 6
Answer Stats
Country % Correct
Austria
100%
France
100%
Germany
100%
Switzerland
100%
Netherlands
88%
Liechtenstein
82%
No matching quizzes found
Score Distribution
Percent of People with Each Score
Percentile by Number Answered
Your Score History
You have not taken this quiz